Géographie ou Fromage - Statistiques

Statistiques générales
  • Ce quiz a été pris 1 592 fois
  • Le résultat moyen est 9 sur 15
Statistiques - réponses
Indice géographie Réponse Indice fromage % Correct
Habitant de Parme Parmesan Excellent râpé sur de bonnes pâtes
99%
Village de l'Orne Camembert Certains collectionnent ses boites rondes, les joueurs de Trivial Pursuit les remplissent.
83%
"Franche ___ de Bourgogne" Comté AOC française la plus produite
83%
Région bernoise traversée par la Emme Emmental Plutôt doux, il a lui vraiment des trous.
75%
District fribourgeois et château éponyme. Gruyère Fromage suisse à pâte dure. Il n'a pas de trous!
65%
Commune alsacienne dont le nom dérive de "Monastère". Munster Dégage une forte odeur mais est étonnamment doux.
65%
Ville de la métropole milanaise Gorgonzola Fromage bleu obligatoire sur une pizza 4 fromages.
61%
Ce village aveyronnais est sur le Soulzon Roquefort Fromage de brebis aux moisissures bleues
58%
Ville hollandaise connue pour son marché... aux fromages! Gouda Symbole de son pays, sa croute expose fièrement la couleur orange.
54%
Région à l'est du bassin parisien Brie Pâte molle, le "Roi des fromages"
50%
Paroisse anglaise et les plus grandes grottes du Royaume-Uni Cheddar Particulièrement apprécié dans les pays anglo-saxons
50%
Département au passé volcanique Cantal Peut-être le plus vieux des fromages français (1298!)
49%
Rivière et bourg jurassien Morbier Pâte pressée non-cuite séparée en son centre par une raie noire.
46%
Petite ville au nord d'Amsterdam Edam Sous forme de boule enveloppé de cire rouge.
38%
Massif de la vallée de la Tarentaise Beaufort Fromage phare de la fondue savoyarde
27%
Aucun quiz correspondant
Distribution des résultats
% des personnes avec chaque résultat
Percentile par nombre de réponses
Votre historique - résultats
Vous n’avez pas pris ce quiz